| 000 | 01487nam a22004217a 4500 | ||
|---|---|---|---|
| 001 | 000056005 | ||
| 003 | CHAP | ||
| 005 | 20220329140625.0 | ||
| 008 | 971013s1994 r 00010 d | ||
| 010 | _a54941 | ||
| 011 | _a55913 | ||
| 035 | _a60066 | ||
| 040 | _cCHAP | ||
| 090 | _aFolleto 14543 | ||
| 100 | 0 | 0 |
_aMendoza Robles, Ricardo. _974731 |
| 245 | 0 | _aDesarrollo de la multibarra portaimplementos de tracción animal línea Plan Puebla. | |
| 260 |
_aMontecillo, Méx. : _bColegio de Postgraduados, _c1994. |
||
| 300 |
_a46 p. : _b: ilus. |
||
| 590 |
_aBATCH-UPD _b10 _c20130110 _lUCH01 _h1942 |
||
| 590 |
_aBATCH-UPD _b10 _c20130410 _lUCH01 _h1305 |
||
| 590 |
_aBATCH-UPD _b10 _c20130914 _lUCH01 _h1307 |
||
| 590 |
_aCONVERSION _b10 _c20130109 _lUCH01 _h1330 |
||
| 590 |
_aE5765TAJ _b05 _c20150212 _lUCH01 _h1401 |
||
| 650 | 1 | 4 |
_aEnergía animal. _936889 |
| 650 | 1 | 4 |
_aMaquinaria agrícola. _971151 |
| 650 | 1 | 4 |
_aMecanización agrícola. _973801 |
| 650 | 1 | 4 |
_aPlan Puebla. _988678 |
| 700 | 0 |
_aCortés Flores, José Isabel. _928354 |
|
| 700 | 0 |
_aTurrent Fernández, Antonio. _9115685 |
|
| 901 | _aBK | ||
| 942 | _cFOLL | ||
| 942 | _n0 | ||
| 949 |
_a636.0882 T7 v.7 _bBC _cESP _d-152965 _eESP _h92178 _i60066 _sb |
||
| 949 |
_aFolleto 14543 _bBC _cFOLL _d-129628 _eTS1 _i60066 _si |
||
| 949 |
_aFolleto 14543 _bBC _cFOLL _d-129629 _eTS2 _fc.2 _i60066 _si |
||
| 949 |
_aFolleto 14543 _bBC _cFOLL _d-129630 _eTS2 _fc.3 _i60066 _si |
||
| 949 |
_aFolleto 14543 _bBC _cUACH _d-129631 _eUACH _fc.4 _i60066 _si |
||
| 999 |
_c54941 _d54941 |
||